000 00552nam a22001937a 4500
999 _c9770
_d9770
003 GBCCL
005 20241126110718.0
008 230712b ||||| |||| 00| 0 eng d
020 _a9780310244172
040 _cgbc
082 _a225.77
_bZON
100 _aFanning, Buist M
_916980
245 _aRevelation
260 _aGrand Rapids :
_bZondervan ,
_c2020
300 _a623 pages
440 _aZondervan exegetical commentary on the New Testament
_vv. 20
_916981
650 _aBible
_vN.T.
_xRevelation
_xcommentaries
_916982
942 _2ddc
_cREF